000 00609nam a2200205Ii 4500
003 JO-AjNU
008 230605s9999||||xx |||||||||||||| ||und||
040 _aJO-AjNU
_bara
_erda
_cJO-AjNU
041 _aara
050 1 4 _aPN6519 1998
100 3 _aمرزوق، إبراهيم,
_eauthor
_939891
245 0 0 _aألف مثل شعبي
250 _aط1
264 3 1 _aالقاهرة: المركز العربي الحديث، 1998
300 _a120ص
336 _atext
_btxt
_2rdacontent
337 _aunmediated
_bn
_2rdamedia
338 _avolume
_bnc
_2rdacarrier
650 4 _aأمثال شعبية
_939892
999 _aA16885
_c20453
_d20453